F1 Podiums 1993 - Statistics

General Stats
  • This quiz has been taken 199 times
  • The average score is 9 of 11
Answer Stats
Answer % Correct
Alain Prost
99%
Ayrton Senna
99%
Michael Schumacher
94%
Damon Hill
90%
Gerhard Berger
83%
Riccardo Patrese
76%
Jean Alesi
75%
Mika Hakkinen
71%
Martin Brundle
68%
Mark Blundell
54%
Michael Andretti
49%
No matching quizzes found
Score Distribution
Percent of People with Each Score
Percentile by Number Answered
Your Score History
You have not taken this quiz